[Event "8MCR_4D_1L_1S"]
[Site "?"]
[Date "2008.??.??"]
[Round "?"]
[White "Nyvlt, Zdenek"]
[Black "Nedoma, Petr"]
[Result "1-0"]
[WhiteElo "2312"]
[BlackElo "2323"]
[PlyCount "105"]
[EventDate "2008.??.??"]
[EventType "corr"]

1. e4 e5 2. Nf3 d6 3. d4 exd4 4. Nxd4 a6 5. Bc4 Nf6 6. Nc3 Be7 7. O-O O-O 8.
Bf4 Nbd7 9. Re1 Ne5 10. Bb3 c6 11. h3 Nfd7 12. Qe2 Nc5 13. Rad1 Bf6 14. Be3 Qc7
15. a3 Ng6 16. Ba2 Re8 17. Qf3 Be6 18. Nxe6 Nxe6 19. Qf5 b5 20. f4 Qa5 21. e5
dxe5 22. Ne4 exf4 23. Nxf6+ gxf6 24. Bd2 Qb6+ 25. Kf1 Rad8 26. Bc3 c5 27. Qxf6
Rxd1 28. Rxd1 Qb7 29. Bd5 Qe7 30. Bc6 Rb8 31. Rd7 Qxf6 32. Bxf6 Rb6 33. Bd5 Kf8
34. Kf2 h6 35. h4 h5 36. c4 Ke8 37. Rb7 Rxb7 38. Bxb7 Nc7 39. cxb5 axb5 40. Bf3
Kd7 41. Bxh5 Nd5 42. Bg5 Kd6 43. Be2 f6 44. h5 fxg5 45. hxg6 Ne7 46. g7 Ke6 47.
Bxb5 Kf7 48. a4 Kxg7 49. Bd7 Nd5 50. a5 Nc7 51. Bg4 Kf6 52. Be2 Kf5 53. a6 1-0

[Event "8MCR_4D_1L_2S"]
[Site "?"]
[Date "2008.??.??"]
[Round "?"]
[White "Binas, Jindrich"]
[Black "Klimecky, Tomas"]
[Result "1-0"]
[WhiteElo "2094"]
[BlackElo "1744"]
[PlyCount "23"]
[EventDate "2008.??.??"]
[EventType "corr"]

1. e4 c6 2. d4 d5 3. Nc3 dxe4 4. Nxe4 Nd7 5. Ng5 Ngf6 6. Bd3 e6 7. N1f3 Bd6 8.
Qe2 h6 9. Ne4 Nxe4 10. Qxe4 Nf6 11. Qe2 Qc7 12. Bd2 1-0

[Event "8MCR_4D_1L_2S"]
[Site "?"]
[Date "2008.??.??"]
[Round "?"]
[White "Binas, Jindrich"]
[Black "Kudr, Roman"]
[Result "1/2-1/2"]
[WhiteElo "2094"]
[BlackElo "2182"]
[PlyCount "71"]
[EventDate "2008.??.??"]
[EventType "corr"]

1. e4 c6 2. d4 d5 3. Nc3 dxe4 4. Nxe4 Nd7 5. Ng5 Ngf6 6. Bd3 e6 7. N1f3 Bd6 8.
Qe2 h6 9. Ne4 Nxe4 10. Qxe4 Qc7 11. Qg4 Kf8 12. Be3 c5 13. dxc5 Nxc5 14. O-O-O
e5 15. Bf5 Kg8 16. Nh4 h5 17. Qc4 Be6 18. Qc3 b6 19. b4 Nb3+ 20. Kb2 Nd4 21.
Bxd4 exd4 22. Qxc7 Bxc7 23. Bxe6 fxe6 24. f4 Kh7 25. Rxd4 Bd8 26. Nf3 Bf6 27.
Ne5 Bxe5 28. fxe5 Rhf8 29. Rd6 Rf2 30. Kb3 Rxg2 31. Rxe6 Rf8 32. Re7 a5 33.
bxa5 bxa5 34. Rc7 Rf4 35. Re1 Rb4+ 36. Kc3 1/2-1/2

[Event "8MCR_4D_1L_2S"]
[Site "?"]
[Date "2008.??.??"]
[Round "?"]
[White "Binas, Jindrich"]
[Black "Kuta, Miroslav"]
[Result "1/2-1/2"]
[WhiteElo "2094"]
[BlackElo "2286"]
[PlyCount "58"]
[EventDate "2008.??.??"]
[EventType "corr"]

1. e4 c6 2. d4 d5 3. Nc3 dxe4 4. Nxe4 Nd7 5. Ng5 Ngf6 6. Bd3 e6 7. N1f3 Bd6 8.
Qe2 h6 9. Ne4 Nxe4 10. Qxe4 Nf6 11. Qe2 Qc7 12. Bd2 b6 13. O-O-O Bb7 14. Ne5 c5
15. Bb5+ Ke7 16. dxc5 Qxc5 17. f4 Rhd8 18. Rhf1 Qd5 19. Kb1 Qe4 20. Rfe1 Qxe2
21. Rxe2 Ne4 22. Bc6 Bxe5 23. Bxe4 Bxe4 24. Rxe4 Bd6 25. c4 f5 26. Ree1 Bc5 27.
Kc2 Rac8 28. g3 Rxd2+ 29. Rxd2 Bb4 1/2-1/2

[Event "8MCR_4D_1L_2S"]
[Site "?"]
[Date "2008.??.??"]
[Round "?"]
[White "Binas, Jindrich"]
[Black "Mikoska, Josef"]
[Result "1/2-1/2"]
[WhiteElo "2094"]
[BlackElo "2211"]
[PlyCount "84"]
[EventDate "2008.??.??"]
[EventType "corr"]

1. e4 e5 2. Nf3 Nc6 3. Bc4 Bc5 4. c3 Nf6 5. d3 a6 6. Bb3 Ba7 7. O-O O-O 8. Re1
d6 9. h3 h6 10. Nbd2 Nh5 11. Nc4 Qf6 12. Ne3 Nf4 13. Ng4 Qg6 14. Bxf4 exf4 15.
d4 Bxg4 16. hxg4 Qxg4 17. Nd2 Qxd1 18. Raxd1 Rae8 19. Kf1 Ne7 20. e5 d5 21. Nf3
c6 22. Nh2 Ng6 23. Bc2 Re6 24. Bf5 Re7 25. Nf3 Rfe8 26. b4 Nf8 27. Bd3 g6 28.
a4 Kg7 29. Re2 f6 30. exf6+ Kxf6 31. b5 cxb5 32. axb5 axb5 33. Bxb5 Rc8 34. Ne5
h5 35. Ra2 Bb6 36. Nd3 f3 37. g3 Ne6 38. Ra3 Ng5 39. Nf4 Rd8 40. Bd3 Rg7 41.
Re1 Bc7 42. Rb3 h4 1/2-1/2

[Event "8MCR_4D_1L_2S"]
[Site "?"]
[Date "2008.??.??"]
[Round "?"]
[White "Binas, Jindrich"]
[Black "Pecka, Josef"]
[Result "1/2-1/2"]
[WhiteElo "2094"]
[BlackElo "2292"]
[PlyCount "103"]
[EventDate "2008.??.??"]
[EventType "corr"]

1. e4 c5 2. Nf3 Nc6 3. Bc4 d6 4. c3 Nf6 5. d3 g6 6. O-O Bg7 7. Bb3 O-O 8. Nbd2
b5 9. a3 a5 10. Re1 a4 11. Bc2 Qc7 12. Nf1 Rb8 13. Rb1 Be6 14. h3 d5 15. e5 Nd7
16. d4 cxd4 17. cxd4 Nb6 18. Bf4 Nc4 19. Ng5 Rbc8 20. Ng3 Nd8 21. Bd3 Qb6 22.
Ne2 Bd7 23. Nf3 Ne6 24. Bc1 Rfe8 25. b3 axb3 26. Qxb3 Qa5 27. Qb4 Ra8 28. Nc3
Bc6 29. Nxb5 Bxb5 30. Qxb5 Nxd4 31. Qxa5 Nxf3+ 32. gxf3 Rxa5 33. f4 Nxa3 34.
Rb7 e6 35. Kg2 Bf8 36. Rd7 Rc8 37. f5 gxf5 38. Rg1 Nc4 39. Kh1+ Kh8 40. Rxf7
Ra1 41. Be2 Bc5 42. Bf4 Rxg1+ 43. Kxg1 Bd4 44. Re7 Bxe5 45. Bh6 Nd6 46. Rxe6
Re8 47. Rxe8+ Nxe8 48. Bd1 Nd6 49. Bb3 Nc4 50. Kf1 Bg7 51. Bf4 Bd4 52. Bc2
1/2-1/2

[Event "8MCR_4D_1L_2S"]
[Site "?"]
[Date "2008.??.??"]
[Round "?"]
[White "Binas, Jindrich"]
[Black "Struzka, Vlastimil"]
[Result "1-0"]
[WhiteElo "2094"]
[BlackElo "2117"]
[PlyCount "99"]
[EventDate "2008.??.??"]
[EventType "corr"]

1. e4 e5 2. Nf3 Nc6 3. Bb5 a6 4. Ba4 Nf6 5. O-O Be7 6. Re1 b5 7. Bb3 d6 8. c3
O-O 9. h3 Na5 10. Bc2 c5 11. d4 cxd4 12. cxd4 Bb7 13. d5 Qc7 14. Bd3 Nd7 15.
Nc3 h6 16. Nh2 Nc5 17. Bf1 Nc4 18. Ng4 Bc8 19. b4 Nb7 20. Nxh6+ gxh6 21. Bxh6
f5 22. Bxf8 Bxf8 23. exf5 Bxf5 24. a4 Nb6 25. Qf3 Qh7 26. axb5 a5 27. bxa5 Rxa5
28. Rxa5 Nxa5 29. Ne4 Qf7 30. Ra1 Bxe4 31. Qxe4 Nb3 32. Ra6 Nd7 33. Qg4+ Qg7
34. Qxg7+ Kxg7 35. b6 Nbc5 36. Ra7 Be7 37. b7 Kg6 38. Bb5 Bd8 39. Bxd7 Nxd7 40.
Ra8 Bc7 41. Rc8 Bb6 42. b8=Q Nxb8 43. Rxb8 Bc5 44. h4 Ba7 45. Rg8+ Kh5 46. g3
Bc5 47. Kg2 Bd4 48. Re8 Kg6 49. Re6+ Kf7 50. g4 1-0

[Event "8MCR_4D_1L_2S"]
[Site "?"]
[Date "2008.??.??"]
[Round "?"]
[White "Binas, Jindrich"]
[Black "Toman, Antonin"]
[Result "1-0"]
[WhiteElo "2094"]
[BlackElo "2225"]
[PlyCount "69"]
[EventDate "2008.??.??"]
[EventType "corr"]

1. e4 e5 2. Nf3 Nc6 3. Bc4 Nf6 4. d3 Bc5 5. Bb3 d6 6. c3 a6 7. Nbd2 h6 8. h3
O-O 9. Qe2 Nh5 10. Nf1 a5 11. g4 Nf6 12. g5 hxg5 13. Bxg5 a4 14. Bc4 Na5 15.
Ng3 Nxc4 16. dxc4 g6 17. Rg1 Kh7 18. Nd2 d5 19. exd5 a3 20. b3 Be7 21. O-O-O
Ng8 22. h4 f6 23. Rh1 Rf7 24. h5 fxg5 25. hxg6+ Kxg6 26. Rh8 g4 27. Qe4+ Bf5
28. Nxf5 Rxf5 29. Qxg4+ Bg5 30. Rg1 Nf6 31. Rxd8 Nxg4 32. Rxa8 Nxf2 33. Rg8+
Kf6 34. R1xg5 Rxg5 35. Rf8+ 1-0

[Event "8MCR_4D_1L_2S"]
[Site "?"]
[Date "2008.??.??"]
[Round "?"]
[White "Glaser, Karel"]
[Black "Binas, Jindrich"]
[Result "1/2-1/2"]
[WhiteElo "2161"]
[BlackElo "2094"]
[PlyCount "42"]
[EventDate "2008.??.??"]
[EventType "corr"]

1. e4 c5 2. Nf3 Nc6 3. d4 cxd4 4. Nxd4 Nf6 5. Nc3 e5 6. Ndb5 d6 7. Bg5 a6 8.
Na3 b5 9. Bxf6 gxf6 10. Nd5 f5 11. Bd3 Be6 12. c3 Bg7 13. Nc2 O-O 14. Nce3 fxe4
15. Bxe4 f5 16. Bc2 f4 17. Qh5 Rf7 18. Bxh7+ Kf8 19. Bf5 Qe8 20. Bxe6 Qxe6 21.
Qg4 Qh6 1/2-1/2

[Event "8MCR_4D_1L_2S"]
[Site "?"]
[Date "2008.??.??"]
[Round "?"]
[White "Glaser, Karel"]
[Black "Klimecky, Tomas"]
[Result "1-0"]
[WhiteElo "2161"]
[BlackElo "1744"]
[PlyCount "21"]
[EventDate "2008.??.??"]
[EventType "corr"]

1. e4 d5 2. exd5 Qxd5 3. Nc3 Qd6 4. d4 Nf6 5. Nf3 Nc6 6. Qd2 Bg4 7. Ng5 h6 8.
Nge4 Nxe4 9. Nxe4 Qg6 10. f3 O-O-O 11. Bd3 1-0

[Event "8MCR_4D_1L_2S"]
[Site "?"]
[Date "2008.??.??"]
[Round "?"]
[White "Glaser, Karel"]
[Black "Kuta, Miroslav"]
[Result "1/2-1/2"]
[WhiteElo "2161"]
[BlackElo "2286"]
[PlyCount "46"]
[EventDate "2008.??.??"]
[EventType "corr"]

1. e4 c6 2. d4 d5 3. Nc3 dxe4 4. Nxe4 Nd7 5. Bc4 Ngf6 6. Ng5 e6 7. Qe2 Nb6 8.
Bb3 h6 9. N5f3 a5 10. c3 a4 11. Bc2 Nbd5 12. a3 b5 13. Ne5 Bd6 14. Ngf3 O-O 15.
g4 Ba6 16. h4 b4 17. c4 bxa3 18. bxa3 Bxe5 19. Nxe5 Nf4 20. Qd2 Ng6 21. g5 Nxe5
22. dxe5 Ng4 23. Qc3 Qb6 1/2-1/2

[Event "8MCR_4D_1L_2S"]
[Site "?"]
[Date "2008.??.??"]
[Round "?"]
[White "Glaser, Karel"]
[Black "Mikoska, Josef"]
[Result "1/2-1/2"]
[WhiteElo "2161"]
[BlackElo "2211"]
[PlyCount "60"]
[EventDate "2008.??.??"]
[EventType "corr"]

1. e4 e5 2. Nf3 Nc6 3. Bb5 a6 4. Ba4 Nf6 5. O-O Bc5 6. c3 b5 7. Bc2 d5 8. d4
dxe4 9. Nxe5 Nxe5 10. dxe5 Qxd1 11. Rxd1 Ng4 12. Bxe4 Nxf2 13. Bc6+ Ke7 14. Rd5
Bb6 15. Bg5+ f6 16. exf6+ gxf6 17. Bh4 Ng4+ 18. Kh1 Rb8 19. Nd2 Be6 20. Rh5
Nf2+ 21. Bxf2 Bxf2 22. Ne4 Rb6 23. Bb7 Rxb7 24. Nxf2 Kf7 25. b3 Kg7 26. Ne4 Bf7
27. Rc5 Bg6 28. Ng3 Rd8 29. h4 Rd2 30. b4 Rd6 1/2-1/2

[Event "8MCR_4D_1L_2S"]
[Site "?"]
[Date "2008.??.??"]
[Round "?"]
[White "Glaser, Karel"]
[Black "Pecka, Josef"]
[Result "0-1"]
[WhiteElo "2161"]
[BlackElo "2292"]
[PlyCount "98"]
[EventDate "2008.??.??"]
[EventType "corr"]

1. e4 c5 2. Nf3 Nc6 3. d4 cxd4 4. Nxd4 Nf6 5. Nc3 e5 6. Ndb5 d6 7. Bg5 a6 8.
Na3 b5 9. Bxf6 gxf6 10. Nd5 f5 11. Bd3 Be6 12. c3 Bg7 13. Nc2 Bxd5 14. exd5 Ne7
15. O-O e4 16. Be2 O-O 17. Qd2 Rc8 18. a4 Rc5 19. axb5 Rxd5 20. Qe3 axb5 21.
Nb4 Re5 22. Rfd1 Re6 23. Ra6 d5 24. Qc5 Qc8 25. Qxb5 Rxa6 26. Nxa6 Rd8 27. Qb6
Be5 28. Nb4 Rd6 29. Qa7 Qe6 30. Qc5 Kg7 31. Bf1 f4 32. f3 e3 33. Nd3 Rc6 34.
Qb4 e2 35. Bxe2 Bc7 36. Qd4+ Kg8 37. Nxf4 Bxf4 38. Qxf4 Qxe2 39. Qd2 Re6 40. b4
Qe3+ 41. Qxe3 Rxe3 42. Rc1 Re2 43. Rb1 Nc8 44. h4 Nb6 45. Kh2 Rc2 46. Rb3 Kf8
47. h5 Ke7 48. b5 Kd6 49. Ra3 Rb2 0-1

[Event "8MCR_4D_1L_2S"]
[Site "?"]
[Date "2008.??.??"]
[Round "?"]
[White "Glaser, Karel"]
[Black "Struzka, Vlastimil"]
[Result "0-1"]
[WhiteElo "2161"]
[BlackElo "2117"]
[PlyCount "54"]
[EventDate "2008.??.??"]
[EventType "corr"]

1. e4 e5 2. Nf3 Nc6 3. Bb5 a6 4. Ba4 Nf6 5. O-O Be7 6. Re1 b5 7. Bb3 d6 8. c3
O-O 9. h3 Na5 10. Bc2 c5 11. d4 Qc7 12. Nbd2 cxd4 13. cxd4 Bd7 14. Nf1 Nc6 15.
Be3 Rac8 16. Rc1 exd4 17. Nxd4 Ne5 18. Ng3 Nc4 19. Qf3 Rfe8 20. Bf4 Qa5 21. Qb3
g6 22. Rcd1 Bf8 23. Re2 Bg7 24. a4 bxa4 25. Qa2 Nh5 26. Nxh5 Qxh5 27. Ree1 Qc5
0-1

[Event "8MCR_4D_1L_2S"]
[Site "?"]
[Date "2008.??.??"]
[Round "?"]
[White "Glaser, Karel"]
[Black "Toman, Antonin"]
[Result "1/2-1/2"]
[WhiteElo "2161"]
[BlackElo "2225"]
[PlyCount "85"]
[EventDate "2008.??.??"]
[EventType "corr"]

1. e4 e5 2. Nf3 Nc6 3. Bb5 a6 4. Ba4 Nf6 5. O-O Be7 6. Re1 b5 7. Bb3 O-O 8. c3
d5 9. exd5 Nxd5 10. Nxe5 Nxe5 11. Rxe5 c6 12. d4 Bd6 13. Re1 Qh4 14. g3 Qh3 15.
Be3 Bg4 16. Qd3 Rae8 17. Nd2 Re6 18. a4 Qh5 19. axb5 axb5 20. Ne4 Bf5 21. Bd2
Rxe4 22. Rxe4 Nf6 23. f3 Qg6 24. Qe3 Bxg3 25. Qg5 Bxe4 26. fxe4 Nxe4 27. Qxg6
hxg6 28. Be3 Bb8 29. Kg2 Re8 30. Ra6 Nf6 31. Kf3 Rc8 32. h3 Kf8 33. Bg5 Ng8 34.
Rb6 Ne7 35. Rb7 f6 36. Be6 Rd8 37. Bd2 Bd6 38. h4 Ke8 39. Be3 Bh2 40. Kg2 Bd6
41. Bf2 Rb8 42. Ra7 Rd8 43. Bg1 1/2-1/2

[Event "8MCR_4D_1L_2S"]
[Site "?"]
[Date "2008.??.??"]
[Round "?"]
[White "Hostinsky, Jiri"]
[Black "Binas, Jindrich"]
[Result "1/2-1/2"]
[WhiteElo "2377"]
[BlackElo "2094"]
[PlyCount "62"]
[EventDate "2008.??.??"]
[EventType "corr"]

1. e4 c5 2. Nf3 Nc6 3. d4 cxd4 4. Nxd4 Nf6 5. Nc3 e5 6. Ndb5 d6 7. Bg5 a6 8.
Na3 b5 9. Nd5 Be7 10. Bxf6 Bxf6 11. c3 Bg5 12. Nc2 Ne7 13. Ncb4 O-O 14. a4 bxa4
15. h4 Bh6 16. Qxa4 a5 17. Nxe7+ Qxe7 18. Nd5 Qd8 19. b4 Bd7 20. b5 Be6 21. Qb3
Rc8 22. b6 Rb8 23. b7 f5 24. exf5 Rxf5 25. Ba6 e4 26. c4 e3 27. f3 Bxd5 28.
cxd5 Rf8 29. Ke2 Qf6 30. Rxa5 Qg6 31. g4 Rxf3 1/2-1/2

[Event "8MCR_4D_1L_2S"]
[Site "?"]
[Date "2008.??.??"]
[Round "?"]
[White "Hostinsky, Jiri"]
[Black "Glaser, Karel"]
[Result "1/2-1/2"]
[WhiteElo "2377"]
[BlackElo "2161"]
[PlyCount "58"]
[EventDate "2008.??.??"]
[EventType "corr"]

1. e4 e5 2. Nf3 Nc6 3. d4 exd4 4. Nxd4 Bc5 5. Nb3 Bb6 6. Nc3 d6 7. Qe2 Nge7 8.
Be3 O-O 9. O-O-O f5 10. f4 fxe4 11. Bxb6 axb6 12. Qxe4 Kh8 13. Bc4 Bf5 14. Qf3
Ng6 15. Rhf1 b5 16. Bxb5 Nb4 17. Nd4 Nh4 18. Qf2 Nxa2+ 19. Nxa2 Rxa2 20. Nxf5
Nxf5 21. c3 c6 22. Bd3 d5 23. Rfe1 Ra1+ 24. Kc2 Rxd1 25. Rxd1 Qa5 26. Kb1 d4
27. cxd4 Ra8 28. Kc1 Qd5 29. Bb1 Rd8 1/2-1/2

[Event "8MCR_4D_1L_2S"]
[Site "?"]
[Date "2008.??.??"]
[Round "?"]
[White "Hostinsky, Jiri"]
[Black "Krouzel, Jaroslav"]
[Result "1/2-1/2"]
[WhiteElo "2377"]
[BlackElo "2270"]
[PlyCount "81"]
[EventDate "2008.??.??"]
[EventType "corr"]

1. e4 e6 2. d4 d5 3. Nc3 Bb4 4. e5 c5 5. a3 Bxc3+ 6. bxc3 Ne7 7. Qg4 O-O 8. Bd3
f5 9. exf6 Rxf6 10. Bg5 Rf7 11. Qh5 g6 12. Qd1 Nbc6 13. Nf3 c4 14. Be2 Qf8 15.
Qc1 Nf5 16. h4 h6 17. Bf4 Bd7 18. g3 Re8 19. O-O Kh7 20. a4 b6 21. Kg2 Qe7 22.
Rh1 Ref8 23. Qd2 Kg8 24. Ne5 Nxe5 25. Bxe5 Qd8 26. f3 Be8 27. Rhb1 Kh7 28. a5
b5 29. Rh1 Ne7 30. Qg5 Qd7 31. Qe3 Nc6 32. f4 h5 33. Rhe1 Rf5 34. Qc1 Qe7 35.
Bf3 Nxe5 36. dxe5 Qc5 37. Qb2 R5f7 38. Qb4 Qc7 39. Kf2 Kg7 40. Ke3 g5 41. hxg5
1/2-1/2

[Event "8MCR_4D_1L_2S"]
[Site "?"]
[Date "2008.??.??"]
[Round "?"]
[White "Hostinsky, Jiri"]
[Black "Leiner, Raimund"]
[Result "1/2-1/2"]
[WhiteElo "2377"]
[BlackElo "2335"]
[PlyCount "65"]
[EventDate "2008.??.??"]
[EventType "corr"]

1. e4 c5 2. Nf3 d6 3. d4 cxd4 4. Nxd4 Nf6 5. Nc3 a6 6. Bg5 e6 7. f4 Qb6 8. Nb3
Be7 9. Qf3 Nbd7 10. O-O-O Qc7 11. g4 b5 12. Bxf6 Nxf6 13. g5 Nd7 14. Bd3 Bb7
15. Kb1 b4 16. Ne2 O-O 17. Rhg1 a5 18. Qh3 e5 19. Nd2 Nc5 20. f5 Nxd3 21. cxd3
f6 22. Rc1 Qd8 23. gxf6 Bxf6 24. Ng3 Bg5 25. Nh5 Rf7 26. Rc2 Rc8 27. Nc4 Bh6
28. f6 g6 29. Rcg2 Rxc4 30. Rxg6+ hxg6 31. Rxg6+ Kf8 32. Rxh6 Rfc7 33. Rh8+
1/2-1/2

[Event "8MCR_4D_1L_2S"]
[Site "?"]
[Date "2008.??.??"]
[Round "?"]
[White "Hostinsky, Jiri"]
[Black "Riha, Jan"]
[Result "1-0"]
[WhiteElo "2377"]
[BlackElo "2266"]
[PlyCount "151"]
[EventDate "2008.??.??"]
[EventType "corr"]

1. e4 e5 2. Nf3 Nf6 3. d4 Nxe4 4. Bd3 d5 5. Nxe5 Nd7 6. Nxd7 Bxd7 7. O-O Bd6 8.
Qh5 Nf6 9. Re1+ Kf8 10. Qh4 Ng4 11. Qxd8+ Rxd8 12. h3 Nf6 13. Bg5 h6 14. Bxf6
gxf6 15. Nc3 c6 16. Ne2 Rg8 17. Kf1 Re8 18. f3 f5 19. f4 Re7 20. Kf2 f6 21. c3
h5 22. h4 Kf7 23. g3 Kg6 24. Ng1 Rge8 25. Rxe7 Rxe7 26. Re1 Rxe1 27. Kxe1 Kf7
28. Nf3 Ke6 29. Nd2 Bc7 30. Nf1 Be8 31. Ne3 Bg6 32. Kd2 Bd8 33. Kc2 Bc7 34. a4
a6 35. Kb3 Bd8 36. Nc2 Bc7 37. Be2 Be8 38. Nb4 Kd6 39. Nd3 a5 40. Ka3 Bb6 41.
Ne1 Bf7 42. Nc2 Ba7 43. b4 Bb6 44. Kb2 Bc7 45. Kc1 Bb6 46. Kd2 Bc7 47. Na1 Bd8
48. Nb3 b6 49. b5 Be8 50. Na1 Be7 51. Nc2 cxb5 52. axb5 Ke6 53. Kc1 Bd7 54. Kb2
Be8 55. Kb3 Bf8 56. Ne3 Kd6 57. Ka4 Bg6 58. Bd1 Be7 59. Bf3 Bf7 60. Nxf5+ Kd7
61. Ng7 Bf8 62. Bxh5 Bxg7 63. Bxf7 Kd6 64. g4 Bf8 65. Kb3 Bg7 66. g5 Bf8 67. c4
Bg7 68. Kc3 a4 69. Bxd5 fxg5 70. fxg5 a3 71. Kb3 Bxd4 72. Kxa3 Ke5 73. h5 Kf5
74. g6 Kf6 75. Kb3 Kg7 76. Kc2 1-0

[Event "8MCR_4D_1L_2S"]
[Site "?"]
[Date "2008.??.??"]
[Round "?"]
[White "Hostinsky, Jiri"]
[Black "Struzka, Vlastimil"]
[Result "1/2-1/2"]
[WhiteElo "2377"]
[BlackElo "2117"]
[PlyCount "45"]
[EventDate "2008.??.??"]
[EventType "corr"]

1. e4 e5 2. Nf3 Nc6 3. d4 exd4 4. Nxd4 Nf6 5. Nxc6 bxc6 6. e5 Qe7 7. Qe2 Nd5 8.
c4 Nb6 9. g3 Qe6 10. b3 a5 11. Bb2 Bb4+ 12. Nd2 O-O 13. Bg2 d5 14. O-O Ba6 15.
Rac1 Rfd8 16. Rfd1 dxc4 17. Nxc4 Rxd1+ 18. Qxd1 Bxc4 19. bxc4 Nxc4 20. Qd4 Nxb2
21. Bxc6 Rb8 22. Qxb2 Rd8 23. Be4 1/2-1/2

[Event "8MCR_4D_1L_2S"]
[Site "?"]
[Date "2008.??.??"]
[Round "?"]
[White "Klimecky, Tomas"]
[Black "Kudr, Roman"]
[Result "0-1"]
[WhiteElo "1744"]
[BlackElo "2182"]
[PlyCount "20"]
[EventDate "2008.??.??"]
[EventType "corr"]

1. e4 c6 2. d4 d5 3. e5 c5 4. Nf3 Bg4 5. c4 cxd4 6. cxd5 Qxd5 7. Nc3 Qa5 8.
Bb5+ Nc6 9. Qxd4 Bxf3 10. gxf3 Qxb5 0-1

[Event "8MCR_4D_1L_2S"]
[Site "?"]
[Date "2008.??.??"]
[Round "?"]
[White "Klimecky, Tomas"]
[Black "Kuta, Miroslav"]
[Result "0-1"]
[WhiteElo "1744"]
[BlackElo "2286"]
[PlyCount "26"]
[EventDate "2008.??.??"]
[EventType "corr"]

1. e4 c6 2. d4 d5 3. Nc3 dxe4 4. Nxe4 Nd7 5. Ng5 Ngf6 6. Bd3 e6 7. N1f3 Bd6 8.
Qe2 h6 9. Ne4 Nxe4 10. Qxe4 Nf6 11. Qe2 Qc7 12. O-O O-O 13. c4 b6 0-1

[Event "8MCR_4D_1L_2S"]
[Site "?"]
[Date "2008.??.??"]
[Round "?"]
[White "Klimecky, Tomas"]
[Black "Toman, Antonin"]
[Result "0-1"]
[WhiteElo "1744"]
[BlackElo "2225"]
[PlyCount "20"]
[EventDate "2008.??.??"]
[EventType "corr"]

1. e4 e5 2. Nf3 Nc6 3. d4 exd4 4. Nxd4 Bc5 5. Nb3 Bb6 6. a4 a6 7. Nc3 Nge7 8.
Be2 O-O 9. O-O d6 10. Bg5 f6 0-1

[Event "8MCR_4D_1L_2S"]
[Site "?"]
[Date "2008.??.??"]
[Round "?"]
[White "Krouzel, Jaroslav"]
[Black "Binas, Jindrich"]
[Result "1/2-1/2"]
[WhiteElo "2270"]
[BlackElo "2094"]
[PlyCount "52"]
[EventDate "2008.??.??"]
[EventType "corr"]

1. d4 Nf6 2. c4 e6 3. Nc3 Bb4 4. Bg5 h6 5. Bh4 c5 6. d5 d6 7. e3 Bxc3+ 8. bxc3
Qe7 9. Bd3 Nbd7 10. Nf3 Nb6 11. dxe6 Bxe6 12. Nd2 O-O-O 13. e4 g5 14. Bg3 Nfd7
15. Qe2 h5 16. h4 Ne5 17. a4 Nbd7 18. a5 Ng6 19. Nf3 f6 20. a6 b6 21. hxg5 Nde5
22. O-O-O Bg4 23. Qe3 Bxf3 24. gxf6 Qxf6 25. gxf3 h4 26. Bh2 Nxf3 1/2-1/2

[Event "8MCR_4D_1L_2S"]
[Site "?"]
[Date "2008.??.??"]
[Round "?"]
[White "Krouzel, Jaroslav"]
[Black "Glaser, Karel"]
[Result "1/2-1/2"]
[WhiteElo "2270"]
[BlackElo "2161"]
[PlyCount "43"]
[EventDate "2008.??.??"]
[EventType "corr"]

1. d4 Nf6 2. c4 e6 3. Nc3 Bb4 4. Bg5 h6 5. Bh4 c5 6. d5 Bxc3+ 7. bxc3 d6 8. e3
e5 9. f3 g5 10. Bg3 Qe7 11. Bd3 Nbd7 12. Qc2 h5 13. h4 g4 14. Ne2 gxf3 15. gxf3
Nb6 16. a4 a5 17. Kd2 Ra6 18. Kc1 Bd7 19. e4 Kd8 20. Qb3 Qe8 21. Bc2 Rg8 22.
Rg1 1/2-1/2

[Event "8MCR_4D_1L_2S"]
[Site "?"]
[Date "2008.??.??"]
[Round "?"]
[White "Krouzel, Jaroslav"]
[Black "Kuta, Miroslav"]
[Result "1/2-1/2"]
[WhiteElo "2270"]
[BlackElo "2286"]
[PlyCount "31"]
[EventDate "2008.??.??"]
[EventType "corr"]

1. d4 d5 2. c4 e6 3. Nc3 Nf6 4. Bg5 Be7 5. e3 O-O 6. Nf3 h6 7. Bh4 b6 8. cxd5
Nxd5 9. Bxe7 Qxe7 10. Nxd5 exd5 11. Rc1 Be6 12. Qa4 a5 13. a3 c5 14. Bb5 Nd7
15. O-O Rfc8 16. Rfd1 1/2-1/2

[Event "8MCR_4D_1L_2S"]
[Site "?"]
[Date "2008.??.??"]
[Round "?"]
[White "Krouzel, Jaroslav"]
[Black "Pecka, Josef"]
[Result "1-0"]
[WhiteElo "2270"]
[BlackElo "2292"]
[PlyCount "59"]
[EventDate "2008.??.??"]
[EventType "corr"]

1. d4 Nf6 2. c4 g6 3. Nc3 Bg7 4. e4 d6 5. Be2 O-O 6. Bg5 Na6 7. Qd2 e5 8. d5 c6
9. f3 cxd5 10. cxd5 Bd7 11. g4 h6 12. Be3 h5 13. g5 Nh7 14. h4 Qa5 15. Nh3 Nc5
16. Rb1 Qd8 17. b4 Na6 18. Nb5 Bxh3 19. Rxh3 f5 20. Nxa7 Nc7 21. b5 Qd7 22. Rh1
fxe4 23. fxe4 Rf7 24. b6 Ne8 25. Qc2 Nf8 26. a4 Qe7 27. a5 Nd7 28. Nc6 Qf8 29.
a6 Nc5 30. a7 1-0

[Event "8MCR_4D_1L_2S"]
[Site "?"]
[Date "2008.??.??"]
[Round "?"]
[White "Krouzel, Jaroslav"]
[Black "Riha, Jan"]
[Result "1/2-1/2"]
[WhiteElo "2270"]
[BlackElo "2266"]
[PlyCount "34"]
[EventDate "2008.??.??"]
[EventType "corr"]

1. d4 Nf6 2. c4 e6 3. Nc3 Bb4 4. e3 c5 5. Bd3 Nc6 6. Nge2 cxd4 7. exd4 d5 8.
cxd5 Nxd5 9. O-O O-O 10. Bc2 Re8 11. Qd3 g6 12. Rd1 Bf8 13. Qg3 Bg7 14. Bg5 Qb6
15. Bb3 Nce7 16. Rac1 Bd7 17. Nxd5 Nxd5 1/2-1/2

[Event "8MCR_4D_1L_2S"]
[Site "?"]
[Date "2008.??.??"]
[Round "?"]
[White "Krouzel, Jaroslav"]
[Black "Struzka, Vlastimil"]
[Result "1/2-1/2"]
[WhiteElo "2270"]
[BlackElo "2117"]
[PlyCount "92"]
[EventDate "2008.??.??"]
[EventType "corr"]

1. d4 d5 2. c4 c6 3. Nf3 Nf6 4. Nc3 dxc4 5. a4 Bf5 6. Ne5 e6 7. e3 Nbd7 8. Nxc4
Qc7 9. Be2 Bb4 10. O-O O-O 11. a5 b5 12. axb6 axb6 13. Rxa8 Rxa8 14. f4 Bxc3
15. bxc3 Nd5 16. Qb3 b5 17. Nb2 Qa5 18. Bf3 Nxc3 19. Nd1 Nxd1 20. Rxd1 Qc7 21.
e4 Bg6 22. g4 h6 23. f5 exf5 24. gxf5 Bh7 25. Kh1 Nb6 26. Rg1 Kh8 27. Be2 f6
28. Ba3 Bg8 29. Qf3 Bc4 30. Bxc4 Nxc4 31. Bc5 Qd7 32. Qg2 Rg8 33. Qg3 Qf7 34.
Qf4 Re8 35. Rg2 Rc8 36. h3 Rg8 37. e5 Qc7 38. Qf2 fxe5 39. dxe5 Ra8 40. e6 Ra1+
41. Rg1 Rxg1+ 42. Qxg1 Qe5 43. e7 Nd6 44. Bxd6 Qd5+ 45. Qg2 Qd1+ 46. Qg1 Qd5+
1/2-1/2

[Event "8MCR_4D_1L_2S"]
[Site "?"]
[Date "2008.??.??"]
[Round "?"]
[White "Kudr, Roman"]
[Black "Glaser, Karel"]
[Result "1/2-1/2"]
[WhiteElo "2182"]
[BlackElo "2161"]
[PlyCount "43"]
[EventDate "2008.??.??"]
[EventType "corr"]

1. d4 d5 2. Nf3 c6 3. e3 Nf6 4. c4 Bf5 5. Nc3 e6 6. Nh4 Bg6 7. Nxg6 hxg6 8. Bd2
Nbd7 9. Rc1 Be7 10. cxd5 exd5 11. Bd3 Nb6 12. h3 Kf8 13. Ne2 Bd6 14. O-O Qe7
15. f3 Re8 16. Qb3 Kg8 17. a4 c5 18. dxc5 Bxc5 19. Nd4 Qd6 20. a5 Bxd4 21. exd4
Rxh3 22. gxh3 1/2-1/2

[Event "8MCR_4D_1L_2S"]
[Site "?"]
[Date "2008.??.??"]
[Round "?"]
[White "Kudr, Roman"]
[Black "Hostinsky, Jiri"]
[Result "1/2-1/2"]
[WhiteElo "2182"]
[BlackElo "2377"]
[PlyCount "55"]
[EventDate "2008.??.??"]
[EventType "corr"]

1. d4 Nf6 2. c4 g6 3. Nc3 Bg7 4. e4 d6 5. f3 O-O 6. Be3 Nc6 7. Nge2 a6 8. Qd2
Rb8 9. h4 h5 10. Nc1 e5 11. d5 Nd4 12. Nb3 c5 13. dxc6 bxc6 14. Nxd4 exd4 15.
Bxd4 Re8 16. Be2 d5 17. cxd5 Rb4 18. Bc5 Nxe4 19. fxe4 Bxc3 20. Qxc3 Rbxe4 21.
O-O Rxe2 22. dxc6 Qc7 23. Bd4 Bf5 24. Rae1 Rxe1 25. Rxe1 Rxe1+ 26. Qxe1 Qxc6
27. Qe5 Kf8 28. Bc5+ 1/2-1/2